تيسير الوصول إلى جامع الأصول : (Record no. 15987)
[ view plain ]
| 000 -الفاتح | |
|---|---|
| حقل البيانات ثابتة الطول | 00993nam a22001577a 4500 |
| 008 - عناصر البيانات ثابتة الطول - معلومات عامة | |
| حقل البيانات ثابتة الطول | 110911s xxu|||||r|||| 00| 0 ara d |
| 082 ## - رقم تصنيف ديوى العشرى | |
| رقم الطبعة | 22 |
| رقم التصنيف | 235 |
| رقم المادة | د ي ب |
| 100 ## - المدخل الرئيسى - إسم شخصى | |
| 9 (RLIN) | 27102 |
| الإسم الشخصى | ابن الديبع، عبد الرحمن بن علي |
| 245 ## - بيان العنوان | |
| العنوان | تيسير الوصول إلى جامع الأصول : |
| بقية العنوان | من حديث الرسول / |
| بيان المسئوليه,etc | مختصر جامع الأصول من حديث الرسول لمجد الدين أبي السعادات محمد بن الأثير الجزري؛ تأليف عبد الرحمن بن علي |
| 260 ## - PUBLICATION, DISTRIBUTION, ETC. (IMPRINT) | |
| مكان الناشر او الموزع | [القاهرة] : |
| اسم الناشر او الموزع | مكتبة دار التراث، [1968?] |
| تاريخ النشر أو التوزيع | [1968?] |
| 300 ## - الوصف المادى | |
| التعداد | 2 مج ؛ |
| أبعاد الوعاء | 24 سم |
| 650 ## - المدخل الاضافى بالموضوع-مصطلح موضوعى | |
| 9 (RLIN) | 27101 |
| مصطلح موضوعي أو اسم جغرافي كعنصر مدخل | الحديث |
| التقسيم الفرعي العام | الكتب الستة |
| 700 ## - المدخل الاضافى - اسم شخصى | |
| 9 (RLIN) | 27103 |
| الإسم الشخصى | ابن الأثير ، مجد الدين أبي السعادات محمد |
| عنوان العمل | جامع الأصول من حديث الرسول |
| 942 ## - عناصر المدخل الإضافي( كوها) | |
| مصدر التصنيف او مخطط الترفيف | Dewey Decimal Classification |
| Koha [default] item type | Book - Borrowing |
| حالة التراجع | حالة الفقد | مصدر التصنيف او خطة الترفيف | حالة تلف | ليس للاعارة | مجموعات كوها | المكان الدائم | المكان الحالي | موقع الترفيف | تاريخ الاكتساب | Source of acquisition | رقم الاستدعاء | الباركود | Date last seen | نوع الوعاء |
|---|---|---|---|---|---|---|---|---|---|---|---|---|---|---|
| Dewey Decimal Classification | Alef-Baa | Central Library | Central Library | Lower Floor | 11/09/2011 | 235 د ي ب | 000024688 | 15/07/2025 | Book - Borrowing |